| 000 | 00521nam a2200217Ia 4500 | ||
|---|---|---|---|
| 005 | 20250425162647.0 | ||
| 008 | 250425s9999 xx 000 0 und d | ||
| 020 | _a1555810942 | ||
| 041 | _aeng | ||
| 082 | _a574.2322 | ||
| 100 | _aSALYERS, ABIGAIL A. | ||
| 245 | 0 | _aBACTERIAL PATHOGENESIS A MOLECULAR APPROACH | |
| 250 | _aS.E | ||
| 260 |
_aEstados Unidos _bASM PRESS _c1994 |
||
| 260 | _aWASHINGTON | ||
| 300 | _a418 | ||
| 650 | _aBACTERIAS | ||
| 700 | _aWHITT, DIXIE D. | ||
| 942 | _c01 | ||
| 010 | _a94983 | ||
| 999 |
_c233814 _d233814 |
||